00178nam a2200073Ia 4500082001700000245002300017100002300040008004100063 a745.546 MORB 0aAll new decoupage  a Morbin, Deborah 210825s9999 xx 000 0 und d